000 00658nam a2200229 i 4500
001 141560
003 ES-MaACL
007 t|
008 070925s1980 sp ||||1| spa d
020 _a8474571030
080 _a86-14"19"
100 1 _aVillena, Fernando de.
_9115241
245 1 0 _aPensil de rimas celestes /
_cFernando de Villena.
250 _a1ª ed.
260 _aBarcelona :
_bAnthropos,
_c1980.
300 _a111 p. ;
_c19 cm.
490 1 _aAmbito literario. Poesía ;
_v115.
830 0 _aÁmbitos literarios.
_pPoesía ;
_v115
_9177287
852 _aES-MaACL
_jL-9925
_bR.110839
942 _2udc
999 _c141560
_d141560